000 00867nam a22002177a 4500
005 20240530110554.0
008 160808s2013 ly f b 000 0 ara d
017 _a2012/41
_bليبيا . دار الكتب الوطنية
020 _a9789959631329
040 _aEG-CaGPL
082 0 4 _221
_a185\
_bم م
100 0 _aمريم الصادق محمد المحجوب
245 1 0 _aموقف ارسطوطاليس النقدى من فلسفة افلاطون الطبيعية و الميتافيزيقية /
_cتاليف مريم الصادق محمد المحجوب
250 _aط. 1
260 _aبنغازى :
_bجامعة الزاوية ،
_c2013 .
300 _a269 ص. ؛
_c24 سم .
504 _aيشتمل على ارجاعات ببليوجرافية
650 0 4 _aالارسطية ( فلسفة )
650 0 4 _aالافلاطونية
942 _2ddc
_cBK
999 _c62528
_d62528